000 00440 a2200157 4500
005 20250623095324.0
020 _a0-201-56630-3
082 _a658.5KRA
100 _aKRAJEWSKI. L. J
245 _aOperations Management strategies and Analysis
250 _a3rdEd.
260 _aNew York,
_bKrajewski. l. j,
_c1993.
300 _axxiii, 903p,;ill, figure, table & picture
_bAppendex & index
_c24cm
700 _a RITZMAN. B
942 _2ddc
_cBKS
999 _c4650
_d4650